[Event "WYCC U16 Open 2013"]
[Site "Al-Ain UAE"]
[Date "2013.12.18"]
[Round "1.1"]
[White "Wagdy, Andro"]
[Black "Bluebaum, Matthias"]
[Result "0-1"]
[WhiteTitle "FM"]
[BlackTitle "IM"]
[WhiteElo "2109"]
[BlackElo "2529"]
[WhiteFideId "10604413"]
[BlackFideId "24651516"]
[EventDate "2013.12.18"]

1. d4 d5 2. Nf3 Nf6 3. e3 Bf5 4. Bd3 e6 5. Bxf5 exf5 6. Qd3 Qc8 7. c4 c6 8. Nc3
Bb4 9. Bd2 O-O 10. O-O Bxc3 11. Bxc3 dxc4 12. Qxc4 Nbd7 13. Bb4 Re8 14. Rac1 Nb6
15. Qb3 Nbd5 16. Ne5 Qe6 17. Ba3 Rab8 18. Rfe1 Nd7 19. Nd3 Qf6 20. Bc5 b6 21.
Ba3 Rbc8 22. Rc2 h5 23. Bb4 h4 24. Bd2 Qd6 25. f3 Qf6 26. Nf2 Qg6 27. Qd3 Re7
28. Qc4 Re6 29. Bc1 Nf4 30. Qf1 h3 31. g3 Ng2 32. Ree2 Rce8 33. Nxh3 Nxe3 34.
Bxe3 Rxe3 35. Nf4 Qd6 36. Rxe3 Rxe3 37. Ng2 Re6 38. Qf2 Nf6 39. Nf4 Re8 40. Rd2
Nd5 41. Nxd5 Qxd5 42. b3 Re6 43. Kg2 g6 44. Rc2 Qd7 45. Rc4 Rd6 46. Kh3 b5 47.
Rc2 Rxd4 48. Rxc6 f4+ 49. g4 Qxc6 50. Qxd4 Qxf3+ 51. Kh4 Qe3 52. Qd8+ Kg7 53. g5
Qf3 0-1

[Event "WYCC U16 Open 2013"]
[Site "Al-Ain UAE"]
[Date "2013.12.18"]
[Round "1.2"]
[White "Duda, Jan-Krzysztof"]
[Black "Filipets, Egor"]
[Result "1-0"]
[WhiteTitle "GM"]
[WhiteElo "2557"]
[BlackElo "2112"]
[WhiteFideId "1170546"]
[BlackFideId "13503928"]
[EventDate "2013.12.18"]

1. e4 e6 2. d4 d5 3. Nc3 Nf6 4. Bg5 Be7 5. e5 Nfd7 6. Bxe7 Qxe7 7. f4 a6 8. Nf3
c5 9. Qd2 Nc6 10. Bd3 b5 11. dxc5 Qxc5 12. Ne2 Bb7 13. Rf1 f6 14. O-O-O O-O-O
15. Rde1 Nb6 16. exf6 gxf6 17. Ng3 Rde8 18. Nh5 Nd7 19. Ng7 e5 20. Nxe8 Rxe8 21.
fxe5 fxe5 22. Bf5 Re7 23. Ng5 Kb8 24. Bxd7 Rxd7 25. Rf7 Rxf7 26. Nxf7 e4 27. Kb1
Kc8 28. a3 b4 29. axb4 Nxb4 30. Qc3 1-0

[Event "WYCC U16 Open 2013"]
[Site "Al-Ain UAE"]
[Date "2013.12.18"]
[Round "1.3"]
[White "Wagner, Dennis"]
[Black "Sosovicka, Matej"]
[Result "1-0"]
[WhiteTitle "IM"]
[WhiteElo "2467"]
[BlackElo "2098"]
[WhiteFideId "24650684"]
[BlackFideId "14916770"]
[EventDate "2013.12.18"]

1. d4 d5 2. c4 c6 3. Nc3 Nf6 4. e3 e6 5. Nf3 Nbd7 6. Qc2 Bd6 7. Bd3 O-O 8. O-O
dxc4 9. Bxc4 a6 10. Rd1 b5 11. Bd3 Qc7 12. Bd2 Bb7 13. b4 h6 14. Rac1 Rac8 15.
Qb3 Qb8 16. h3 Rfe8 17. Ne2 e5 18. Bg6 Nd5 19. Bf5 Rcd8 20. e4 Ne7 21. Bxd7 Rxd7
22. Bxh6 exd4 23. Bg5 Nf5 24. exf5 Rxe2 25. Nxd4 Re4 26. Nf3 Qe8 27. Re1 Rxe1+
28. Rxe1 Qc8 29. f6 c5 30. fxg7 c4 31. Qe3 Bxb4 32. Bf6 Bxe1 33. Qh6 Bxf2+ 34.
Kxf2 1-0

[Event "WYCC U16 Open 2013"]
[Site "Al-Ain UAE"]
[Date "2013.12.18"]
[Round "1.4"]
[White "Micottis, Dorian"]
[Black "Alekseenko, Kirill"]
[Result "0-1"]
[BlackTitle "FM"]
[WhiteElo "2097"]
[BlackElo "2445"]
[WhiteFideId "26021986"]
[BlackFideId "4135539"]
[EventDate "2013.12.18"]

1. e4 c5 2. Nf3 Nc6 3. d4 cxd4 4. Nxd4 Nf6 5. Nc3 d6 6. Be2 e5 7. Nb3 Be7 8. O-O
O-O 9. f3 Be6 10. Be3 a5 11. Nd5 Bxd5 12. exd5 Nb4 13. c4 Nd7 14. Qd2 b6 15. Nc1
Na6 16. b3 h6 17. a3 Bg5 18. Bxg5 Qxg5 19. Qxg5 hxg5 20. Bd3 Rfb8 21. Rb1 Nac5
22. Be2 Nf6 23. Na2 a4 24. b4 Nb3 25. Rb2 Rc8 26. Bd3 Nd4 27. b5 g6 28. Nb4 Kg7
29. Nc6 Nb3 30. Bc2 Nd2 31. Rb4 Nxf1 32. Kxf1 0-1

[Event "WYCC U16 Open 2013"]
[Site "Al-Ain UAE"]
[Date "2013.12.18"]
[Round "1.5"]
[White "Paravyan, David"]
[Black "Ghvamberia, Nika"]
[Result "1-0"]
[WhiteTitle "IM"]
[WhiteElo "2441"]
[BlackElo "2086"]
[WhiteFideId "4194985"]
[BlackFideId "13602128"]
[EventDate "2013.12.18"]

1. e4 c5 2. Nf3 e6 3. d4 cxd4 4. Nxd4 a6 5. Bd3 Qc7 6. O-O Nf6 7. Qe2 d6 8. c4
Nbd7 9. f4 Be7 10. Nc3 O-O 11. Nf3 e5 12. Kh1 exf4 13. Bxf4 Ne5 14. Bxe5 dxe5
15. Nd5 Nxd5 16. exd5 Bd6 17. Rae1 f5 18. Nxe5 Re8 19. Qh5 g6 20. Nxg6 Rxe1 21.
Rxe1 Qf7 22. Nf4 Bxf4 23. Qh4 Bd6 24. c5 Bxc5 25. d6 b5 26. Qd8+ Kg7 27. Re7 1-0

[Event "WYCC U16 Open 2013"]
[Site "Al-Ain UAE"]
[Date "2013.12.18"]
[Round "1.6"]
[White "Horton, Andrew P"]
[Black "Karthikeyan, Murali"]
[Result "0-1"]
[BlackTitle "IM"]
[WhiteElo "2086"]
[BlackElo "2431"]
[WhiteFideId "424269"]
[BlackFideId "5074452"]
[EventDate "2013.12.18"]

1. Nf3 d5 2. c4 e6 3. g3 Nf6 4. Bg2 Be7 5. O-O O-O 6. b3 d4 7. e3 Nc6 8. d3 dxe3
9. Bxe3 e5 10. h3 Bf5 11. d4 exd4 12. Nxd4 Nxd4 13. Bxd4 Qc8 14. g4 Bg6 15. Nc3
h5 16. Bxf6 Bxf6 17. Nd5 Qd8 18. Nxf6+ Qxf6 19. gxh5 Bf5 20. Qf3 c6 21. Rad1
Rad8 22. Rfe1 Qg5 23. Kh2 Be6 24. Rxd8 Rxd8 25. Rd1 Rxd1 26. Qxd1 Qe5+ 27. Kg1
Kh7 28. a4 a5 29. Bf1 Kh6 30. Qd8 Qg5+ 31. Qxg5+ Kxg5 32. Kg2 Bf5 33. c5 Be6 34.
Bc4 Bxc4 35. bxc4 Kf4 36. f3 Ke5 37. Kg3 Kd4 38. Kg4 Kxc5 39. Kg5 b5 40. cxb5
cxb5 0-1

[Event "WYCC U16 Open 2013"]
[Site "Al-Ain UAE"]
[Date "2013.12.18"]
[Round "1.7"]
[White "Girish, A. Koushik"]
[Black "Lekic, Lazar"]
[Result "1-0"]
[WhiteTitle "FM"]
[WhiteElo "2413"]
[BlackElo "2071"]
[WhiteFideId "5038448"]
[BlackFideId "900052"]
[EventDate "2013.12.18"]

1. Nf3 d5 2. c4 dxc4 3. e3 Bg4 4. Bxc4 e6 5. Qb3 Bxf3 6. gxf3 Nd7 7. Nc3 Ngf6 8.
d4 c5 9. d5 exd5 10. Nxd5 Nxd5 11. Bxd5 Qf6 12. Bd2 Bd6 13. f4 Qg6 14. Bc3 f6
15. Bxb7 Rd8 16. O-O-O Be7 17. Rhg1 1-0

[Event "WYCC U16 Open 2013"]
[Site "Al-Ain UAE"]
[Date "2013.12.18"]
[Round "1.8"]
[White "Neagu, Mihai-Cosmin"]
[Black "Vavulin, Maksim"]
[Result "0-1"]
[WhiteElo "2069"]
[BlackElo "2410"]
[WhiteFideId "1205560"]
[BlackFideId "4169530"]
[EventDate "2013.12.18"]

1. c4 Nf6 2. Nc3 e5 3. g3 Bb4 4. Bg2 O-O 5. Nf3 Re8 6. O-O h6 7. d3 c6 8. Bd2
Bf8 9. e4 d6 10. d4 a6 11. Be3 Ng4 12. Re1 Nxe3 13. Rxe3 Nd7 14. Rd3 exd4 15.
Rxd4 Qf6 16. e5 Nxe5 17. Ne4 Qf5 18. Nh4 Qe6 19. f4 Nxc4 20. f5 Qe5 21. Rxc4 d5
22. Rd4 dxe4 23. Rxe4 Qc5+ 24. Kh1 Rxe4 25. Bxe4 Qe5 26. Qc2 Bd7 27. Rd1 Be8 28.
Nf3 Qc5 29. Qb3 Qb5 30. Qc2 Be7 31. Rd3 Rd8 32. b3 Rxd3 33. Bxd3 Qd5 34. Qe2 Qd8
35. Ne5 Kf8 36. Kg2 Qd4 37. Nf3 Qc3 38. Qd2 Bf6 39. Qxc3 Bxc3 40. Kf2 Ke7 41.
Ke3 Kd6 42. Bc2 b5 43. Kd3 Bf6 44. b4 Bb2 45. a4 c5 46. bxc5+ Kxc5 47. axb5
Bxb5+ 48. Ke4 Kb4 49. Ne5 f6 50. Nd3+ Kc3 51. Bb1 Ba3 52. Nf4 Bc6+ 53. Ke3 Bc1+ 0-1

[Event "WYCC U16 Open 2013"]
[Site "Al-Ain UAE"]
[Date "2013.12.18"]
[Round "1.9"]
[White "Dastan, Muhammed Batuhan"]
[Black "Grunau, Christoph"]
[Result "1-0"]
[WhiteTitle "IM"]
[WhiteElo "2409"]
[BlackElo "2066"]
[WhiteFideId "6300014"]
[BlackFideId "12929760"]
[EventDate "2013.12.18"]

1. e4 c5 2. Nf3 d6 3. d4 cxd4 4. Nxd4 Nf6 5. Nc3 a6 6. Be2 e5 7. Nb3 Be7 8. Be3
Be6 9. Nd5 Nbd7 10. Qd3 Bxd5 11. exd5 O-O 12. O-O Ne8 13. c4 a5 14. Rac1 a4 15.
Nd2 f5 16. f4 g6 17. Qa3 exf4 18. Bxf4 Bf6 19. Kh1 Nc5 20. Rc2 Ng7 21. Nf3 Re8
22. Be3 b6 23. Bd4 Re4 24. Bxf6 Qxf6 25. b4 Nd7 26. Bd3 Re3 27. Re2 Rxe2 28.
Bxe2 Ne5 29. c5 bxc5 30. bxc5 dxc5 31. Qxc5 Nd7 32. Qc6 Qd8 33. d6 Ne8 34. Ng5
Nef6 35. Qc4+ 1-0

[Event "WYCC U16 Open 2013"]
[Site "Al-Ain UAE"]
[Date "2013.12.18"]
[Round "1.10"]
[White "Tominga, Eke"]
[Black "Zakaryan, David"]
[Result "1/2-1/2"]
[WhiteElo "2064"]
[BlackElo "2196"]
[WhiteFideId "4503570"]
[BlackFideId "24101923"]
[EventDate "2013.12.18"]

1. e4 c5 2. Nf3 Nc6 3. d4 cxd4 4. Nxd4 Qc7 5. Nc3 e6 6. Be2 Nf6 7. Be3 a6 8. O-O
Bb4 9. Na4 O-O 10. Nxc6 bxc6 11. Nb6 Rb8 12. Nxc8 Rfxc8 13. Bxa6 Rd8 14. Bd3 Bd6
15. f4 e5 16. f5 Rxb2 17. g4 Qa5 18. g5 Bc5 19. Bxc5 Qxc5+ 20. Kh1 Ne8 21. Qh5
Rdb8 22. a4 Ra8 23. Rf3 Rab8 24. Raf1 Rb1 25. Rh3 Rxf1+ 26. Bxf1 Rb1 27. Qxh7+
Kf8 28. Rf3 Qc4 29. Kg1 Qxe4 30. Qh8+ Ke7 31. f6+ gxf6 32. gxf6+ Kd8 33. Rg3 Qf5
34. Qh3 Qxh3 35. Rxh3 Nxf6 36. Ra3 Ne4 37. Kg2 Rb2 38. Bd3 Nc5 39. Bf5 e4 40.
Kg3 Ke7 41. a5 Kf6 42. Bg4 Ke5 43. a6 Rb8 44. Ra5 Kd4 45. Kf4 d5 46. c3+ Kc4 47.
Ke5 Re8+ 48. Kd6 Nxa6 49. Rxa6 Kxc3 50. Rxc6+ Kd4 51. Ra6 Rd8+ 52. Ke7 Rh8 53.
h3 Rh7 54. Bf5 Rh5 55. Bg4 Rh7 56. Kf8 e3 57. Kg8 Rh4 58. Kxf7 Kd3 59. Ra3+ Kd2
60. Ra2+ Kd3 61. Ra3+ Kd2 62. Ra2+ Kc1 63. Ra4 Rxh3 1/2-1/2

[Event "WYCC U16 Open 2013"]
[Site "Al-Ain UAE"]
[Date "2013.12.18"]
[Round "1.11"]
[White "Sanal, Vahap"]
[Black "Liu, Zhaoqi"]
[Result "1-0"]
[WhiteTitle "IM"]
[WhiteElo "2397"]
[BlackElo "2061"]
[WhiteFideId "6300545"]
[BlackFideId "8609381"]
[EventDate "2013.12.18"]

1. e4 e6 2. d4 d5 3. Nd2 Nf6 4. e5 Nfd7 5. Bd3 c5 6. c3 Nc6 7. Ne2 cxd4 8. cxd4
f6 9. exf6 Nxf6 10. Nf3 Bd6 11. O-O O-O 12. Bf4 Bxf4 13. Nxf4 Ne4 14. Qc1 Ng5
15. Nxg5 Qxg5 16. Ne2 Qf6 17. Qd2 Bd7 18. Rac1 Rac8 19. Rc3 Kh8 20. Bb1 e5 21.
dxe5 Nxe5 22. Rxc8 Bxc8 23. Qxd5 Be6 24. Qxb7 g6 25. b3 Bc8 26. Qe4 Ba6 27. h3
Re8 28. Rd1 Re7 29. Qf4 Kg7 30. Qxf6+ Kxf6 31. Nc3 Kf7 32. f3 Rc7 33. Nd5 Rd7
34. Kf2 Bb7 35. Be4 1-0

[Event "WYCC U16 Open 2013"]
[Site "Al-Ain UAE"]
[Date "2013.12.18"]
[Round "1.12"]
[White "Montilli, Vincenzo"]
[Black "Vorontsov, Pavlo"]
[Result "0-1"]
[BlackTitle "FM"]
[WhiteElo "2039"]
[BlackElo "2392"]
[WhiteFideId "883913"]
[BlackFideId "14116367"]
[EventDate "2013.12.18"]

1. d4 Nf6 2. c4 e6 3. Nc3 Bb4 4. Qc2 d6 5. Bd2 O-O 6. Nf3 Nc6 7. a3 Bxc3 8. Bxc3
Qe7 9. e3 e5 10. d5 Nb8 11. Nd2 Bg4 12. Bd3 Nbd7 13. b4 c6 14. dxc6 bxc6 15. O-O
d5 16. Rfe1 Bh5 17. h3 Bg6 18. Rad1 Qe6 19. Bb2 a5 20. Bxg6 hxg6 21. Qc3 axb4
22. axb4 g5 23. Ra1 g4 24. h4 g3 25. fxg3 Qg4 26. e4 Rxa1 27. Bxa1 dxe4 28. Qe3
Ra8 29. Bc3 Rd8 30. Nxe4 Nxe4 31. Qxe4 Qxg3 32. Bxe5 Nxe5 33. Qxe5 Qxh4 34. Qe4
Qf6 35. Rf1 Qd6 36. Qf4 Qd7 37. Re1 Qa7+ 38. c5 Qd7 39. Re4 Qd1+ 40. Kh2 Qh5+
41. Qh4 Qd5 42. Qe7 g6 43. Qe5 Qxe5+ 44. Rxe5 Rd4 45. Re8+ Kg7 46. Rc8 Rxb4 47.
Rxc6 Rc4 48. Kg3 f5 49. Rc8 Kf6 50. c6 Ke5 51. Kf2 Rc2+ 52. Kf1 Kf4 53. c7 g5
54. Ke1 g4 55. Kd1 Rc6 56. Ke2 Kg3 57. Rf8 Rxc7 58. Rxf5 Rc2+ 59. Kf1 Rc1+ 60.
Ke2 Kxg2 61. Rh5 g3 62. Rh8 Kg1 63. Rh7 g2 64. Rh6 Rc8 65. Re6 Rh8 66. Kf3 Kh1 0-1

[Event "WYCC U16 Open 2013"]
[Site "Al-Ain UAE"]
[Date "2013.12.18"]
[Round "1.13"]
[White "Ali Marandi, Cemil Can"]
[Black "Sokac, Marko"]
[Result "1-0"]
[WhiteTitle "IM"]
[WhiteElo "2391"]
[BlackElo "2038"]
[WhiteFideId "6300529"]
[BlackFideId "14531356"]
[EventDate "2013.12.18"]

1. e4 d6 2. d4 Nf6 3. Nc3 c6 4. g3 Nbd7 5. Bg2 e5 6. Nge2 b5 7. a3 Bb7 8. O-O
Be7 9. h3 a5 10. Be3 b4 11. Nb1 c5 12. d5 c4 13. Nd2 Qc7 14. c3 b3 15. g4 a4 16.
Ng3 g6 17. Re1 h5 18. g5 Nh7 19. h4 Ba6 20. Bf1 O-O-O 21. f4 f6 22. f5 Rdg8 23.
fxg6 Nhf8 24. g7 Rxg7 25. Nf5 Rgh7 26. Re2 fxg5 27. hxg5 Ng6 28. Rh2 h4 29. Be2
Nc5 30. Qf1 Kb8 31. Bxc4 Bc8 32. Nxe7 Rxe7 33. Rf2 h3 34. Kh2 Nh4 35. Rf8 Rxf8
36. Qxf8 Rf7 37. Qe8 Nf3+ 38. Nxf3 Rxf3 39. Re1 Nxe4 40. Ba6 Nf2 41. Bxc8 Qxc8
42. Qb5+ Qb7 43. Qxb7+ Kxb7 44. Bxf2 Rxf2+ 45. Kxh3 Kb6 46. g6 Rf8 47. Kg4 Kc5
48. Kg5 Kxd5 49. g7 Rg8 50. Kf6 Kc4 51. Rd1 1-0

[Event "WYCC U16 Open 2013"]
[Site "Al-Ain UAE"]
[Date "2013.12.18"]
[Round "1.14"]
[White "Bezuidenhout, Roland"]
[Black "Repka, Christopher"]
[Result "1-0"]
[WhiteTitle "CM"]
[WhiteElo "2037"]
[BlackElo "2391"]
[WhiteFideId "14304562"]
[BlackFideId "14918781"]
[EventDate "2013.12.18"]

1. e4 e6 2. d3 d5 3. Nd2 c5 4. Ngf3 Nc6 5. g3 g6 6. Bg2 Bg7 7. O-O Nge7 8. Re1
b6 9. c3 a5 10. e5 Qc7 11. d4 cxd4 12. cxd4 Nb4 13. Re3 Qc2 14. Qe1 Nd3 15. Rxd3
Qxd3 16. a4 Qa6 17. Nb1 Bd7 18. Nc3 O-O 19. Bg5 Nc6 20. Bf1 Qb7 21. Qd2 f6 22.
exf6 Bxf6 23. Bf4 Bg7 24. Nb5 Nb4 25. Nd6 Qa7 26. Bh3 e5 27. Bxd7 Qxd7 28. dxe5
Rxf4 29. Qxf4 Rf8 30. Qe3 Nc2 31. Qb3 Nxa1 32. Qxd5+ Kh8 33. Ng5 Rd8 34. Ndf7+
Kg8 35. Nh6+ Kh8 36. Qg8+ 1-0

[Event "WYCC U16 Open 2013"]
[Site "Al-Ain UAE"]
[Date "2013.12.18"]
[Round "1.15"]
[White "Harutyunian, Tigran K."]
[Black "Kenes, Aldiyar"]
[Result "1-0"]
[WhiteTitle "FM"]
[WhiteElo "2390"]
[BlackElo "2026"]
[WhiteFideId "13303635"]
[BlackFideId "13707914"]
[EventDate "2013.12.18"]

1. d4 Nf6 2. Nf3 e6 3. c4 c5 4. g3 cxd4 5. Nxd4 Nc6 6. Bg2 Ne5 7. b3 Bb4+ 8. Bd2
Bxd2+ 9. Qxd2 d5 10. cxd5 Nxd5 11. O-O O-O 12. Rd1 Qe7 13. Nc3 Nxc3 14. Qxc3 Ng6
15. Nb5 a6 16. Nd6 Rb8 17. Rac1 h6 18. h4 Qf6 19. Qc7 Ra8 20. h5 Ne5 21. Ne4 Qf5
22. Rc5 f6 23. Rd8 Qxh5 24. f4 b6 25. Rxf8+ Kxf8 26. Qd8+ Qe8 27. Qxe8+ Kxe8 28.
Nd6+ Kd7 29. Rxc8 Ra7 30. fxe5 fxe5 31. Rc6 1-0

[Event "WYCC U16 Open 2013"]
[Site "Al-Ain UAE"]
[Date "2013.12.18"]
[Round "1.16"]
[White "Lo, Ryan"]
[Black "Bodek, Michael H"]
[Result "0-1"]
[BlackTitle "FM"]
[WhiteElo "2025"]
[BlackElo "2382"]
[WhiteFideId "2609088"]
[BlackFideId "2043858"]
[EventDate "2013.12.18"]

1. d4 Nf6 2. c4 e6 3. Nc3 Bb4 4. e3 d5 5. Nf3 O-O 6. a3 Bxc3+ 7. bxc3 b6 8. cxd5
exd5 9. Bd3 Ba6 10. O-O Qc8 11. Re1 Bxd3 12. Qxd3 c5 13. Nd2 Nc6 14. f3 Qd7 15.
Bb2 Rad8 16. Rad1 c4 17. Qc2 Nh5 18. Nf1 f5 19. Bc1 b5 20. e4 fxe4 21. fxe4 dxe4
22. Rxe4 Qf5 23. Qe2 Nf6 24. Ng3 Qd5 25. Rf4 Rde8 26. Qf1 Nh5 27. Nxh5 Qxh5 28.
d5 Ne5 29. d6 Nd3 30. d7 Qc5+ 31. Kh1 Rd8 32. Rxf8+ Rxf8 33. Qxf8+ Qxf8 34. Bg5
Nf2+ 35. Kg1 Nxd1 36. d8=Q Qxd8 37. Bxd8 Nxc3 38. Kf2 Kf7 39. Ke3 Ke6 40. Kd4
Ne2+ 41. Kc5 a6 0-1

[Event "WYCC U16 Open 2013"]
[Site "Al-Ain UAE"]
[Date "2013.12.18"]
[Round "1.17"]
[White "Akhmetov, Ayan"]
[Black "Haavamae, Henrik"]
[Result "1-0"]
[WhiteElo "2382"]
[BlackElo "2023"]
[WhiteFideId "13703706"]
[BlackFideId "4502973"]
[EventDate "2013.12.18"]

1. e4 c5 2. Nf3 e6 3. d4 cxd4 4. Nxd4 Nf6 5. Nc3 Nc6 6. g3 Bb4 7. Bg2 O-O 8. O-O
d6 9. a3 Bxc3 10. bxc3 Ne8 11. Rb1 Qc7 12. Be3 Bd7 13. e5 Na5 14. Nb5 Bxb5 15.
Rxb5 d5 16. Rc5 Qd8 17. Qg4 Nc4 18. Rxc4 dxc4 19. Bc5 Qc7 20. Bxf8 Kxf8 21. Qe4
Rd8 22. Re1 Rd2 23. Qxh7 Qc5 24. Qh8+ Ke7 25. Qh4+ Kf8 26. Qf4 Rxc2 27. Rd1 g5
28. Qd4 b6 29. Qxc5+ bxc5 30. Bc6 Nc7 31. Rd8+ Kg7 32. Rd7 Nd5 33. Bxd5 exd5 34.
Rxd5 g4 35. Rxc5 Rxc3 36. Ra5 Rc1+ 37. Kg2 Re1 38. Rc5 Rc1 39. h3 gxh3+ 40. Kxh3
Kg6 41. Kg4 c3 42. Rc6+ Kg7 43. f4 c2 44. Kf5 a5 45. g4 a4 46. Rc7 Kg8 47. g5
Kh8 48. e6 fxe6+ 49. Kg6 1-0

[Event "WYCC U16 Open 2013"]
[Site "Al-Ain UAE"]
[Date "2013.12.18"]
[Round "1.18"]
[White "Jumanov, Elbek"]
[Black "Lampert, Jonas"]
[Result "1/2-1/2"]
[WhiteElo "2019"]
[BlackElo "2378"]
[WhiteFideId "14202905"]
[BlackFideId "1303759"]
[EventDate "2013.12.18"]

1. Nf3 d5 2. d4 Nf6 3. c4 c6 4. g3 Bf5 5. Nbd2 e6 6. Bg2 h6 7. O-O Nbd7 8. b3
Be7 9. Bb2 O-O 10. Re1 Re8 11. Ne5 Qa5 12. a3 Rad8 13. b4 Qc7 14. f4 Ne4 15.
Nxe4 Bxe4 16. Bxe4 dxe4 17. e3 f5 18. Qh5 Nxe5 19. dxe5 Kh7 20. Qf7 Bd6 21. Qxc7
Bxc7 22. Red1 g5 23. Rd4 Rxd4 24. Bxd4 a6 25. Kf2 Kg6 26. a4 Ra8 27. c5 Kf7 28.
Rb1 Ke7 29. a5 Kf7 30. Rd1 Rd8 31. Rd2 gxf4 32. exf4 h5 33. h4 1/2-1/2

[Event "WYCC U16 Open 2013"]
[Site "Al-Ain UAE"]
[Date "2013.12.18"]
[Round "1.19"]
[White "Sardana, Rishi"]
[Black "Lien, Kjell Hakon"]
[Result "1/2-1/2"]
[WhiteElo "2373"]
[BlackElo "2011"]
[WhiteFideId "25004301"]
[BlackFideId "1510444"]
[EventDate "2013.12.18"]

1. e4 c5 2. Nf3 d6 3. d4 cxd4 4. Nxd4 Nf6 5. Nc3 a6 6. Be2 e6 7. O-O Be7 8. f4
O-O 9. Bf3 Qc7 10. Qe1 Nbd7 11. Be3 Re8 12. Bf2 Bf8 13. Nb3 e5 14. f5 b5 15. a3
Bb7 16. g4 d5 17. g5 Nxe4 18. Nxe4 dxe4 19. Bxe4 Rac8 20. Rd1 f6 21. Bxb7 Qxb7
22. Qd2 Nc5 23. Nxc5 Bxc5 24. Bxc5 Rxc5 25. gxf6 gxf6 26. Rf2 Kh8 27. Rg2 Qb6
28. Kh1 Rcc8 29. Qh6 Re7 30. Rd3 Rf7 31. Rdg3 Qb7 32. h3 Qd5 33. Qh5 Re8 34. Qg4
Qd8 35. Qe4 Qd4 36. Qc6 Ref8 37. Qxa6 Qxb2 38. Qe6 Qc1+ 39. Kh2 Qf4 40. Kh1 Qf1+
41. Rg1 Qc4 42. Qxc4 bxc4 43. Rc3 Ra7 44. Rxc4 Rxa3 45. Kh2 Rf3 46. Rc7 Rg8 47.
Rxg8+ Kxg8 48. c4 Rxf5 49. Kg3 Rf4 1/2-1/2

[Event "WYCC U16 Open 2013"]
[Site "Al-Ain UAE"]
[Date "2013.12.18"]
[Round "1.20"]
[White "Saiyn, Zhanat"]
[Black "Abe, Mahiro"]
[Result "1-0"]
[WhiteTitle "FM"]
[WhiteElo "2360"]
[BlackElo "2009"]
[WhiteFideId "13703820"]
[BlackFideId "7000235"]
[EventDate "2013.12.18"]

1. d4 Nf6 2. c4 g6 3. Nc3 Bg7 4. e4 d6 5. f3 O-O 6. Nge2 e5 7. Bg5 h6 8. Be3
exd4 9. Nxd4 Nc6 10. Be2 Qe7 11. O-O a6 12. Qd2 Kh7 13. Rac1 Re8 14. Nd5 Qd8 15.
Rfd1 Be6 16. Bf1 Rc8 17. Bf2 Qd7 18. Nb3 Bxd5 19. cxd5 Ne5 20. Na5 b6 21. Nc6
Nxc6 22. Rxc6 Qd8 23. Rdc1 Nd7 24. b4 Ne5 25. R6c2 b5 26. a4 Qd7 27. axb5 axb5
28. Qe2 Nc4 29. Qd1 Ne5 30. Be2 h5 31. Qf1 Bh6 32. Bxb5 Qe7 33. Bxe8 Bxc1 34.
Bxf7 Bf4 35. Be6 Ra8 36. g3 Nxf3+ 37. Kg2 Nd2 38. Qe2 Qg5 39. h4 1-0

[Event "WYCC U16 Open 2013"]
[Site "Al-Ain UAE"]
[Date "2013.12.18"]
[Round "1.21"]
[White "Plotkin, Mark"]
[Black "Faizrakhmanov, Ramil"]
[Result "0-1"]
[BlackTitle "FM"]
[WhiteElo "1992"]
[BlackElo "2357"]
[WhiteFideId "2611651"]
[BlackFideId "24103209"]
[EventDate "2013.12.18"]

1. e4 c6 2. c4 d5 3. exd5 cxd5 4. cxd5 Nf6 5. Bb5+ Nbd7 6. Nc3 a6 7. Qa4 g6 8.
Be2 Bg7 9. Bf3 O-O 10. d4 Ne8 11. Nge2 Nd6 12. Be3 b5 13. Qb3 Nb6 14. Nf4 Rb8
15. h4 Nf5 16. Rd1 Nc4 17. Nce2 Qa5+ 18. Bd2 Nxd2 19. Rxd2 Nxd4 20. Nxd4 Bxd4
21. Nd3 Bb7 22. Nb4 Bf6 23. h5 Rbc8 24. hxg6 hxg6 25. O-O Rc4 26. a3 Qb6 27. Nc6
Kg7 28. Rc2 Rxc2 29. Qxc2 Rc8 30. Rc1 Rc7 31. b3 Rd7 32. a4 bxa4 33. bxa4 Qc7
34. Qc5 Qf4 35. Qc4 Qg5 36. Rb1 Rc7 37. Qb4 Bc8 38. d6 Rb7 39. Qe1 Rxb1 40. Qxb1
exd6 41. Qc2 Be6 42. a5 d5 43. Be2 d4 44. Bxa6 Bd5 45. Bf1 d3 46. Qxd3 Bxc6 47.
a6 Qc5 48. g3 Bd4 49. Bg2 Bxf2+ 0-1

[Event "WYCC U16 Open 2013"]
[Site "Al-Ain UAE"]
[Date "2013.12.18"]
[Round "1.22"]
[White "Tran, Tuan Minh"]
[Black "Malhotra, Tarun"]
[Result "1-0"]
[WhiteTitle "FM"]
[WhiteElo "2330"]
[BlackElo "1988"]
[WhiteFideId "12401820"]
[BlackFideId "5020549"]
[EventDate "2013.12.18"]

1. d4 d5 2. c4 c6 3. Nf3 Nf6 4. Nc3 dxc4 5. a4 Bf5 6. e3 e6 7. Bxc4 Bb4 8. O-O
Nbd7 9. h3 O-O 10. Nh4 Ne4 11. Nxf5 exf5 12. Qb3 a5 13. Rd1 Nb6 14. Bd2 Nxd2 15.
Rxd2 Qd6 16. Rad1 Rac8 17. Rc2 g6 18. Na2 Qe7 19. Nxb4 Qxb4 20. Qxb4 axb4 21. a5
Nxc4 22. Rxc4 Ra8 23. Rxb4 Rxa5 24. Rxb7 Rfa8 25. Kh2 Rb5 26. Rxb5 cxb5 27. Kg3
Kf8 28. Kf4 Ke7 29. g4 fxg4 30. hxg4 Ra2 31. Rd2 Kd6 32. Kg5 Ke7 33. d5 Ra6 34.
e4 Rd6 35. e5 Rd7 36. f4 b4 37. Kh6 Kf8 38. d6 Ke8 39. Kg7 f5+ 40. Kf6 Rf7+ 41.
Ke6 Rd7 42. gxf5 gxf5 43. Rg2 1-0

[Event "WYCC U16 Open 2013"]
[Site "Al-Ain UAE"]
[Date "2013.12.18"]
[Round "1.23"]
[White "Das, Sayantan"]
[Black "Cofre Archibold, Nestor"]
[Result "1-0"]
[WhiteTitle "IM"]
[WhiteElo "2377"]
[BlackElo "1966"]
[WhiteFideId "5034426"]
[BlackFideId "5122279"]
[EventDate "2013.12.18"]

1. c4 g6 2. Nc3 Bg7 3. g3 c5 4. Bg2 Nc6 5. Nf3 Nf6 6. O-O O-O 7. d4 cxd4 8. Nxd4
Nxd4 9. Qxd4 d6 10. Qd3 a6 11. Rd1 Nd7 12. b3 Rb8 13. Be3 b5 14. cxb5 axb5 15.
Rac1 b4 16. Ne4 Bb7 17. Qd2 Qa5 18. a4 Rbc8 19. Nf6+ Bxf6 20. Bxb7 Rc3 21. Qd5
Nc5 22. Bxc5 dxc5 23. Rb1 Qc7 24. Qd7 Qe5 25. a5 Rc2 26. Rd2 Rxd2 27. Qxd2 Qb8
28. a6 Rd8 29. a7 1-0